000 00881nam a22002897a 4500
001 BR8108836
003 BR-BrBNA
005 20230928091214.0
007 ta
008 230509b bl.||||| |||| 00| 0 por d
040 _aBR-BrBNA
_bpor
_cBiblioteca Nacional de Agricultura
041 _a(Por)
072 _aP05; F01
_b/G514
090 _ P05 BR8108836
100 1 _aBarros, J.B. de S.
110 1 _aComissao Estadual de Planejamento Agricola, Cuiaba, MT (Brasil)
_92045
245 1 _aEstimativa do consumo de combustivel derivado de petroleo na producao da agricultura. Ano agricola 80/81 [Mato Grosso]
260 3 _aCuiaba, MT (Brasil):
_c[nd].
300 _a51 p.
500 _aPublished after 1981; Numerical data
650 _aSAFRA
650 _aPETROLEO
650 _aCONSUMO
650 _aMATO GROSSO
909 _a202309
_bLucia
_c55
_dLucia Elande
942 _cBK
999 _c32825
_d32825